Statistics for Country Neighbour Connect: Northernmost Point, starting with World's Northernmost Point

Click here to take the quiz!

General Stats

  • This quiz has been taken 171 times
  • The average score is 127 of 154

Answer Stats

COUNTRY% Correct
Canada
100%
United States
99%
Mexico
98%
Belize
97%
Guatemala
97%
Honduras
97%
Colombia
96%
Costa Rica
96%
Panama
96%
Venezuela
96%
Guyana
95%
Nicaragua
95%
Suriname
95%
France
93%
Denmark
92%
Germany
92%
Belarus
91%
Estonia
91%
Finland
91%
Latvia
91%
Lithuania
91%
Norway
91%
Poland
91%
Russia
91%
Sweden
91%
Slovakia
89%
Ukraine
89%
Austria
88%
Croatia
88%
Czech Republic
88%
Hungary
88%
Italy
88%
Liechtenstein
88%
Moldova
88%
Romania
88%
San Marino
88%
Serbia
88%
Slovenia
88%
Vatican City
88%
Albania
87%
Azerbaijan
87%
Bosnia and Herzegovina
87%
Bulgaria
87%
Georgia
87%
Iran
87%
Kosovo
87%
Macedonia
87%
Montenegro
87%
Switzerland
87%
Turkey
87%
Turkmenistan
87%
Afghanistan
86%
Armenia
86%
Bangladesh
86%
Cambodia
86%
China
86%
India
86%
Kazakhstan
86%
Kyrgyzstan
86%
Laos
86%
Malaysia
86%
Mongolia
86%
Nepal
86%
Pakistan
86%
Tajikistan
86%
Thailand
86%
Uzbekistan
86%
Vietnam
86%
Burma
85%
Brunei
84%
East Timor
84%
Indonesia
84%
Papua New Guinea
84%
Israel
83%
Jordan
83%
Kuwait
83%
Lebanon
83%
Syria
83%
Bhutan
82%
Iraq
82%
North Korea
82%
Saudi Arabia
82%
South Korea
82%
United Arab Emirates
82%
Yemen
82%
Algeria
81%
Egypt
81%
Libya
81%
Morocco
81%
Oman
81%
Qatar
81%
Spain
81%
Tunisia
81%
Andorra
80%
Djibouti
79%
Eritrea
79%
Ethiopia
79%
Ireland
79%
Kenya
79%
Mali
79%
Mauritania
79%
Somalia
79%
Sudan
79%
United Kingdom
79%
Central African Republic
78%
Chad
78%
Niger
78%
Nigeria
78%
Portugal
78%
South Sudan
78%
Angola
77%
Benin
77%
Botswana
77%
Burkina Faso
77%
Burundi
77%
Cameroon
77%
Côte d'Ivoire
77%
Democratic Republic of the Congo
77%
Equatorial Guinea
77%
Gabon
77%
Gambia
77%
Ghana
77%
Guinea
77%
Guinea-Bissau
77%
Liberia
77%
Namibia
77%
Republic of the Congo
77%
Rwanda
77%
Senegal
77%
Sierra Leone
77%
Tanzania
77%
Togo
77%
Zimbabwe
77%
Malawi
76%
Mozambique
76%
South Africa
76%
Swaziland
76%
Uganda
76%
Zambia
76%
Lesotho
75%
Brazil
66%
Argentina
65%
Bolivia
65%
Chile
65%
Ecuador
65%
Paraguay
65%
Peru
65%
Uruguay
65%
Monaco
64%
Luxembourg
62%
El Salvador
61%
Belgium
60%
Netherlands
59%
Greece
58%

Score Distribution

Percentile by Number Answered

Percent of People with Each Score

Your Score History

You have not taken this quiz